00434nam a2200193Ia 4500003000900000008004100009040001300050040001300063041000800076100002100084245004700105250001100152260001100163260000900174300001100183300001200194490002800206490000600234IT-RoPAU120407s9999 xx 000 0 und d aIT-RoPAU cIT-RoPAU aita aMartin Heidegger aSaggi e discorsi. A cura di Gianni Vattimo aMilano aMursia c1976 a195 p. c22,5 cm aBiblioteca di filosofia v9